00354nam a22001457a 450000500170000000800410001702000180005804100080007608200100008410000220009424500260011626000430014230000080018565000150019320160630093849.0160630b xxu||||| |||| 00| 0 eng d a81-219-2831-1 aeng b10904 aVerma, Dr Shalini aWord Power mode Handy aNew DelhibSultan Chand & Sons, c2009 a370 aManagement